| 000 | 00451nam a22001817a 4500 | ||
|---|---|---|---|
| 003 | CEME | ||
| 005 | 20210628202449.0 | ||
| 008 | 210208b xxu||||| |||| 00| 0 eng d | ||
| 020 | _a0-07-043599-5 | ||
| 040 | _c. | ||
| 082 | _a621.3121 NAG | ||
| 100 |
_aNag, P.K _960014 |
||
| 245 | _aPower plant engineering | ||
| 260 |
_aNEW DELHI _bTATA MCGRAW HILL _c2001 |
||
| 300 | _aXVI,875P | ||
| 650 |
_aPOWER PLANT ENGINEERING _958408 |
||
| 942 |
_cBK _2ddc |
||
| 999 |
_c569857 _d569857 |
||